Portrét

Bibliographic Details
Main Author: Jaborník, Ján, 1942-2010 (Author)
Format: Article
Language:Slovak
PhysicalDescription:Fot. 1.
Subjects:

MARC

LEADER 00000nab a2200000 a 4500
001 vtls000399976
003 SK-MaSNL
005 20260302232638.0
008 160215c1990 xo 0 slo
015 |a SNBRB19rr/mm-uuuuu 
035 |a CL0400100 
040 |a SNKBUCL  |b slo  |c SNKBUCL  |e AACR2 
041 0 |a slo 
044 |a xo  |c SK 
080 |a 792.071.2  |2 1981 
080 |a 791.44.071.2  |2 1981 
080 |a 929 Záborský, Viliam  |2 1981 
100 1 |a Jaborník, Ján,  |d 1942-2010  |4 aut  |9 103550 
245 1 0 |a Portrét  |c Ján Jaborník 
300 |b Fot. 1. 
600 1 7 |a Záborský, Viliam,  |d 1920-1982  |2 snkbucl  |9 106871 
655 7 |a články z novín a časopisov  |2 snkbucl  |9 267496 
773 0 |t Dialóg 90  |g Roč. 2, č. 22 (1990), s. 2 
850 |a Slovenská národná knižnica v Martine  |a MTA001 
852 |a SNK  |b KIS3GCP 
958 |a BX 
958 |a RK 
992 |a RBX 
999 |c 1543844  |d 1545774